Profiling psychological problems among women prisoners in central jail Patiala (Punjab) (Record no. 506622)

000 -LEADER
fixed length control field 00499nam a2200169Ia 4500
008 - FIXED-LENGTH DATA ELEMENTS--GENERAL INFORMATION
fixed length control field 181130s2017 xx 000 0 und d
100 ## - MAIN ENTRY--PERSONAL NAME
Personal name Kaur, Hardeep
245 ## - TITLE STATEMENT
Title Profiling psychological problems among women prisoners in central jail Patiala (Punjab)
260 ## - PUBLICATION, DISTRIBUTION, ETC.
Date of publication, distribution, etc. 2017
300 ## - PHYSICAL DESCRIPTION
Extent p.114-123.
504 ## - BIBLIOGRAPHY, ETC. NOTE
-- Oct-Dec
650 ## - SUBJECT ADDED ENTRY--TOPICAL TERM
Topical term or geographic name entry element Women prisoners
650 ## - SUBJECT ADDED ENTRY--TOPICAL TERM
Topical term or geographic name entry element Women prisoners - India - Patiala
700 ## - ADDED ENTRY--PERSONAL NAME
Personal name Kaur, Deep
773 ## - HOST ITEM ENTRY
Main entry heading Indian Police Journal
906 ## - LOCAL DATA ELEMENT F, LDF (RLIN)
a Women prisoners
Holdings
Withdrawn status Lost status Damaged status Not for loan Permanent Location Current Location Date acquired Serial Enumeration / chronology Barcode Date last seen Price effective from Koha item type
        Indian Institute of Public Administration Indian Institute of Public Administration 2018-12-07 64(4), Oct-Dec, 2017: p.114-123. AR118417 2018-12-07 2018-12-07 Articles

Powered by Koha